Alphonse Mucha /

Main Author: Kusák, Dalibor, 1917-2001
Other Authors: Mucha, Alfons, 1860-1939, Kadlečíková, Marta, 1935-1996
Language: German
English
Published: Prague : BB art, c2000
Physical Description: [116] s. : barev. il. ; 16 cm
Book
Saved in:
LEADER 01441nam a2200409 a 4500
001 000580470
003 CZ BrMZK
005 20120821090729.0
007 ta
008 011204s2000 xr e eng d
015 |a cnb000983170 
020 |a 80-7257-373-X  |q (váz.) 
040 |a BOA001  |c ze  |d BOA001 
041 1 |a eng  |a ger  |h cze 
043 |a e-xr--- 
045 |a w9x0 
072 7 |a 72/76  |x Výtvarné umění  |2 Konspekt  |9 21 
080 |a 72/76(437.3)  |2 MRF 
080 |a 7.035.93  |2 MRF 
080 |a (437.3)  |2 MRF 
080 |a (084.11)  |2 MRF 
100 1 |a Kusák, Dalibor,  |d 1917-2001  |7 jk01071043  |4 pht 
245 1 0 |a Alphonse Mucha /  |c [photography:] Dalibor Kusák ; [text:] Marta Kadlečíková 
260 |a Prague :  |b BB art,  |c c2000 
300 |a [116] s. :  |b barev. il. ;  |c 16 cm 
500 |a Překlad z češtiny 
500 |a Souběžný anglický a německý text 
600 1 7 |a Mucha, Alfons,  |d 1860-1939  |7 jk01082370  |2 czenas 
648 4 |a 19.-20. stol. 
650 0 7 |a české výtvarné umění  |7 ph116865  |y 19.-20. stol.  |2 czenas 
650 0 7 |a secesní umění  |7 ph237433  |z Česko  |2 czenas 
655 7 |a obrazové publikace  |7 fd132947  |2 czenas 
700 1 |a Mucha, Alfons,  |d 1860-1939  |7 jk01082370  |4 ill  |4 hnr 
700 1 |a Kadlečíková, Marta,  |d 1935-1996  |7 jk01052476  |4 wfw 
910 |a BOA001  |b 1-1094.757 
990 |a BK 
996 6 |b 2610149082  |c 1-1094.757  |l MZK  |r Sklad / do 1 hodiny  |n 15  |p p.v.  |w 000580470  |u 000010  |a 1  |e BOA001  |j MZK50  |s P